LIBRARY & INFORMATION CENTRE, KCAET, TAVANUR

ONLINE PUBLIC ACCESS CATALOGUE (OPAC)

How to complete your research project successfully / (Record no. 5590)

MARC details
000 -LEADER
fixed length control field 00481cam a2200181ua 4500
041 ## - LANGUAGE CODE
Language code of text/sound track or separate title eng
082 ## - DEWEY DECIMAL CLASSIFICATION NUMBER
Classification number 001.42
Item number BEL/HO
100 ## - MAIN ENTRY--AUTHOR NAME
Personal name Bell, Judith .
245 ## - TITLE STATEMENT
Title How to complete your research project successfully /
250 ## - EDITION STATEMENT
Edition statement 1 /
260 ## - PUBLICATION, DISTRIBUTION, ETC. (IMPRINT)
Place of publication Kolkatha :
Name of publisher UBS Publishers Distributors ,
Year of publication 1993.
300 ## - PHYSICAL DESCRIPTION
Number of Pages 137 ;
Accompanying material CD ROM.
942 ## - ADDED ENTRY ELEMENTS (KOHA)
Koha item type Books
Holdings
Withdrawn status Lost status Damaged status Home library Current library Date acquired Full call number Accession Number Koha item type
      KAUAET KAUAET 07/04/2012 001.42 18385 Books
free website counter